Balancing tradition and disruption brand identity strategies of Dior and Versace

Bibliographic Details
Main Author: Antal Petra Anna
Other Authors: Ghazal Mahmoud Jamil
Format: Students’ Scientific Association paper
Kulcsszavak:brand ambassador communication
brand identity
branding
Fashion Communication
luxury fashion
Online Access:http://dolgozattar.uni-bge.hu/60471

MARC

LEADER 00000nta a2200000 i 4500
001 dolg60471
005 20260416073746.0
008 260416suuuu hu o 000 eng d
040 |a BGE Dolgozattár Repozitórium  |b hun 
041 |a en 
100 1 |a Antal Petra Anna 
245 1 0 |a Balancing tradition and disruption  |b brand identity strategies of Dior and Versace  |c Antal Petra Anna  |h [elektronikus dokumentum] 
516 |a Students_Scientific_Association_paper 
520 3 |a This research explores the role of brand identity and ambassador communication in shaping the relevance and perception of luxury fashion houses. Through a comparative analysis of Dior and Versace, it examines how these heritage brands balance continuity and innovation in an era defined by digital culture and evolving consumer expectations. The theoretical framework relies on Keller’s Customer-Based Brand Equity model, while in the practical section, the brand equity pyramids of Dior and Versace were developed, followed by a detailed analysis of one typical and one norm-breaking campaign per brand to assess how these strategies influence identity, communication, and audience reception. The findings reveal that both brands preserve their core values, while employing ambassadors and campaigns as tools of strategic disruption to remain culturally relevant. By examining how tradition and modernity coexist in their communication, the study provides insights into how luxury fashion houses sustain authenticity, resonance, and desirability in a constantly shifting global market. 
695 |a brand ambassador communication 
695 |a brand identity 
695 |a branding 
695 |a Fashion Communication 
695 |a luxury fashion 
700 1 |a Ghazal Mahmoud Jamil  |e ths 
856 4 0 |u http://dolgozattar.uni-bge.hu/60471/1/Antal_Petra_Anna_SSA_Paper_2025.pdf  |z Dokumentum-elérés 
856 4 0 |u http://dolgozattar.uni-bge.hu/60471/2/Antal_Petra_Anna_Resume.pdf  |z Dokumentum-elérés 
856 4 0 |u http://dolgozattar.uni-bge.hu/60471/3/Szerz%C5%91i%20hozz%C3%A1j%C3%A1rul%C3%B3%20nyilatkozat.pdf  |z Dokumentum-elérés 
856 4 0 |u http://dolgozattar.uni-bge.hu/60471/4/Antal_Petra_Anna_Resume.docx  |z Dokumentum-elérés 
856 4 0 |u http://dolgozattar.uni-bge.hu/60471/5/Antal%20Petra_Paper_evaluation_form_2025.pdf  |z Dokumentum-elérés 
856 4 0 |u http://dolgozattar.uni-bge.hu/60471/6/PetraAnnaAntalTDKReviewPVAF.pdf  |z Dokumentum-elérés